<?xml version="1.0" encoding="UTF-8"?>
<record
    xmlns:xsi="http://www.w3.org/2001/XMLSchema-instance"
    xsi:schemaLocation="http://www.loc.gov/MARC21/slim http://www.loc.gov/standards/marcxml/schema/MARC21slim.xsd"
    xmlns="http://www.loc.gov/MARC21/slim">

  <leader>02979cam a22002775a 4500</leader>
  <controlfield tag="001">ssj0001372372</controlfield>
  <controlfield tag="003">OSt</controlfield>
  <controlfield tag="005">20160907130830.0</controlfield>
  <controlfield tag="008">141008s2014    gw a   frb    000 0 eng d</controlfield>
  <datafield tag="020" ind1=" " ind2=" ">
    <subfield code="a">9783658075286</subfield>
  </datafield>
  <datafield tag="040" ind1=" " ind2=" ">
    <subfield code="d">WaSeSS</subfield>
    <subfield code="d">EG-ScBUE</subfield>
    <subfield code="b">eng</subfield>
  </datafield>
  <datafield tag="082" ind1="0" ind2="4">
    <subfield code="a">003.3</subfield>
    <subfield code="2">22</subfield>
    <subfield code="b">SIE</subfield>
  </datafield>
  <datafield tag="100" ind1="1" ind2=" ">
    <subfield code="a">Siegfried, Robert.</subfield>
    <subfield code="9">41056</subfield>
  </datafield>
  <datafield tag="245" ind1="1" ind2="0">
    <subfield code="a">Modeling and simulation of complex systems :</subfield>
    <subfield code="b">a framework for efficient agent-based modeling and simulation /</subfield>
    <subfield code="c">Robert Siegfried.</subfield>
  </datafield>
  <datafield tag="260" ind1=" " ind2=" ">
    <subfield code="a">[Wiesbaden] :</subfield>
    <subfield code="b">Springer Fachmedien Wiesbaden :</subfield>
    <subfield code="b">Springer Vieweg :</subfield>
    <subfield code="c">2014.</subfield>
  </datafield>
  <datafield tag="300" ind1=" " ind2=" ">
    <subfield code="a">xviii, 227 p. :</subfield>
    <subfield code="b">ill. ;</subfield>
    <subfield code="c">24 cm.</subfield>
  </datafield>
  <datafield tag="504" ind1=" " ind2=" ">
    <subfield code="a">Bibliography : p. [207]-227.</subfield>
  </datafield>
  <datafield tag="505" ind1="0" ind2=" ">
    <subfield code="a">Introduction -- Preliminaries and related work: Agent-based modeling and simulation, Parallel and distributed multi-agent simulation, Summary -- E&#xFB00;ective and e&#xFB03;cient model development: The need for a reference model for agent-based modeling and simulation, GRAMS &#x2013; General Reference Model for Agent-based Modeling and Simulation, Summary -- E&#xFB00;ective model execution: Model partitioning and multi-level parallelization, Example implementation of GRAMS, Summary -- Conclusions.</subfield>
  </datafield>
  <datafield tag="520" ind1=" " ind2=" ">
    <subfield code="a">Robert Siegfried presents a framework for efficient agent-based modeling and simulation of complex systems. He compares different approaches for describing structure and dynamics of agent-based models in detail. Based on this evaluation the author introduces the &#x201C;General Reference Model for Agent-based Modeling and Simulation&#x201D; (GRAMS). Furthermore he presents parallel and distributed simulation approaches for execution of agent-based models &#x2013; from small scale to very large scale. The author shows how agent-based models may be executed by different simulation engines that utilize underlying hardware resources in an optimized fashion. &#xA0;Contents Basics of agent-based modeling and simulation Parallel and distributed multi-agent simulation General Reference Model for Agent-Based Modeling and Simulation Model partitioning and multi-level parallelization Example implementation and benchmarks &#xA0;Target Groups Scientists and students in the field of modeling and simulation Practitioners in modeling and simulation &#xA0;About the Author Robert Siegfried is Senior Consultant for IT/M&amp;S projects. He earned his doctorate in modeling and simulation at the Universit&#xE4;t der Bundeswehr M&#xFC;nchen. His research areas are agent-based modeling and simulation, distributed simulation, and quality management. He has worked on topics like model documentation and management, distributed simulation test beds, and process models. He is active member of the NATO Modeling and Simulation Group and the Simulation Interoperability Standards Organization.</subfield>
  </datafield>
  <datafield tag="650" ind1=" " ind2="7">
    <subfield code="a">Computer science.</subfield>
    <subfield code="2">BUEsh</subfield>
    <subfield code="9">3608</subfield>
  </datafield>
  <datafield tag="650" ind1=" " ind2="7">
    <subfield code="a">Software engineering.</subfield>
    <subfield code="2">BUEsh</subfield>
    <subfield code="9">3832</subfield>
  </datafield>
  <datafield tag="650" ind1=" " ind2="0">
    <subfield code="a">Electronic data processing.</subfield>
    <subfield code="2">BUEsh</subfield>
  </datafield>
  <datafield tag="653" ind1=" " ind2=" ">
    <subfield code="b">COMSCI</subfield>
    <subfield code="c">September2016</subfield>
  </datafield>
  <datafield tag="773" ind1="0" ind2=" ">
    <subfield code="t">Springer eBooks</subfield>
  </datafield>
  <datafield tag="776" ind1="0" ind2="8">
    <subfield code="i">Printed edition:</subfield>
    <subfield code="z">9783658075286</subfield>
  </datafield>
  <datafield tag="999" ind1=" " ind2=" ">
    <subfield code="c">22323</subfield>
    <subfield code="d">22295</subfield>
  </datafield>
  <datafield tag="952" ind1=" " ind2=" ">
    <subfield code="0">0</subfield>
    <subfield code="1">0</subfield>
    <subfield code="2">ddc</subfield>
    <subfield code="4">0</subfield>
    <subfield code="7">0</subfield>
    <subfield code="8">Baccah</subfield>
    <subfield code="a">MAIN</subfield>
    <subfield code="b">MAIN</subfield>
    <subfield code="c">LOW</subfield>
    <subfield code="d">2016-09-07</subfield>
    <subfield code="e">Purchase</subfield>
    <subfield code="g">785.00</subfield>
    <subfield code="h">2000088</subfield>
    <subfield code="l">0</subfield>
    <subfield code="o">003.3 SIE</subfield>
    <subfield code="p">000033567</subfield>
    <subfield code="r">2025-07-15 00:00:00</subfield>
    <subfield code="v">981.25</subfield>
    <subfield code="y">BB</subfield>
  </datafield>
</record>
